Реформа ЖКХ упёрлась в тарифы на услуги?!; Трубопроводы и экология; № 2

Detalles Bibliográficos
Parent link:Трубопроводы и экология: научно-практический журнал.— , 2002-2012
№ 2.— 2003.— С. 7-10
Autor Principal: Чернышов Л. Н.
Idioma:ruso
Publicado: 2003
Series:События
Subjects:
Formato: Capítulo de libro
KOHA link:https://koha.lib.tpu.ru/cgi-bin/koha/opac-detail.pl?biblionumber=387824

MARC

LEADER 00000naa2a2200000 4500
001 387824
005 20231101063648.0
035 |a (RuTPU)RU\TPU\prd\18084 
090 |a 387824 
100 |a 20031007a2003 k y0rusy50 ca 
101 0 |a rus 
102 |a RU 
200 1 |a Реформа ЖКХ упёрлась в тарифы на услуги?!  |f Л. Н. Чернышов 
225 1 |a События 
461 1 |0 (RuTPU)RU\TPU\prd\4239  |t Трубопроводы и экология  |o научно-практический журнал  |d 2002-2012 
463 1 |0 (RuTPU)RU\TPU\prd\16330  |t № 2  |v С. 7-10  |d 2003 
610 1 |a ЖКХ 
610 1 |a жилищно-коммунальный комплекс 
610 1 |a реформа 
610 1 |a коммунальные услуги 
610 1 |a льготы 
610 1 |a тарифы 
700 1 |a Чернышов  |b Л. Н. 
801 1 |a RU  |b 63413507  |c 20031007  |g PSBO 
801 2 |a RU  |b 63413507  |c 20140703  |g RCR 
942 |c BK